[Event "West Wales Open"]
[Site "Swansea"]
[Date "2016.11.27"]
[Round "4.6"]
[White "Lutchman Singh, Aishwarya"]
[Black "Buttell, David"]
[Result "1/2-1/2"]
[WhiteElo "1368"]
[BlackElo "1768"]
[PlyCount "95"]
[EventDate "2016.11.25"]
[EventCountry "WLS"]
[SourceDate "2016.12.01"]

1. d4 d5 2. Nf3 Nf6 3. Bf4 Bf5 4. e3 e6 5. Nbd2 h6 6. h3 c5 7. c3 Nc6 8. Ne5
Nxe5 9. Bxe5 a6 10. Nb3 c4 11. Nc5 b6 12. Qa4+ b5 13. Bxf6 gxf6 14. Qb4 Qb6 15.
a4 Be7 16. b3 cxb3 17. axb5 a5 18. Qxb3 Bxc5 19. dxc5 Qxc5 20. b6 O-O 21. b7
Rab8 22. Ba6 e5 23. O-O Bd7 24. Rfd1 Bc6 25. Rdb1 d4 26. cxd4 exd4 27. Rc1 Qd5
28. Qxd5 Bxd5 29. exd4 Bxb7 30. Bxb7 Rxb7 31. Rxa5 Rd8 32. Rc6 Rxd4 33. Rxf6
Kg7 34. Raa6 h5 35. Rf5 h4 36. Rg5+ Kf8 37. Ra8+ Ke7 38. Rg4 Rb1+ 39. Kh2 Rd2
40. Ra7+ Ke6 41. Rf4 f5 42. Ra5 Rdd1 43. g3 Rh1+ 44. Kg2 Rhg1+ 45. Kf3 Rb3+ 46.
Ke2 hxg3 47. fxg3 Rgxg3 48. Raxf5 1/2-1/2

[Event "West Wales Open"]
[Site "Swansea"]
[Date "2016.11.27"]
[Round "4.7"]
[White "Bonutto, Stephen"]
[Black "Lutchman Singh, Karanvir"]
[Result "0-1"]
[WhiteElo "1447"]
[BlackElo "1655"]
[PlyCount "50"]
[EventDate "2016.11.25"]
[EventCountry "WLS"]
[SourceDate "2016.12.01"]

1. e4 c6 2. d4 d5 3. exd5 cxd5 4. Bd3 Nf6 5. f3 Nc6 6. c3 e6 7. Ne2 Bd6 8. O-O
Qc7 9. f4 Bd7 10. Nd2 g5 11. Nb3 Nh5 12. Rf3 gxf4 13. Qf1 O-O-O 14. Nc5 f6 15.
Rh3 Bxc5 16. dxc5 Ng7 17. Nxf4 Ne5 18. Bxh7 Qxc5+ 19. Be3 Qc4 20. Bxa7 Qxf1+
21. Rxf1 Nc6 22. Ng6 e5 23. Nxh8 Bxh3 24. Nf7 Rd7 25. Rxf6 Be6 0-1

[Event "West Wales Open"]
[Site "Swansea"]
[Date "2016.11.27"]
[Round "4.8"]
[White "Williams, David J"]
[Black "Probert, Malcolm"]
[Result "0-1"]
[WhiteElo "1560"]
[BlackElo "1617"]
[PlyCount "60"]
[EventDate "2016.11.25"]
[EventCountry "WLS"]
[SourceDate "2016.12.01"]

1. e4 c5 2. Nf3 g6 3. Bc4 Bg7 4. O-O Nc6 5. c3 e6 6. d4 cxd4 7. cxd4 Nge7 8. d5
Na5 9. Be2 O-O 10. Nc3 a6 11. Bf4 b5 12. a3 Nb7 13. Rc1 d6 14. Re1 e5 15. Be3
f5 16. exf5 gxf5 17. Bg5 Qe8 18. Bxe7 Qxe7 19. Bf1 Kh8 20. Nd4 Qf7 21. Nc6 Bd7
22. Ne2 Rg8 23. Ng3 Bh6 24. Rc2 f4 25. Qh5 Rg6 26. Nxe5 dxe5 27. Qxe5+ Bg7 28.
Qe7 Qxd5 29. Nh1 Rg8 30. Rc7 Bc6 0-1

[Event "West Wales Open"]
[Site "Swansea"]
[Date "2016.11.27"]
[Round "5.1"]
[White "Hewitt, William"]
[Black "Jones, Iolo C"]
[Result "1/2-1/2"]
[WhiteElo "2042"]
[BlackElo "2172"]
[PlyCount "49"]
[EventDate "2016.11.25"]
[EventCountry "WLS"]
[SourceDate "2016.12.01"]

1. e4 e5 2. Nf3 Nf6 3. Nxe5 d6 4. Nf3 Nxe4 5. Nc3 Nf6 6. d4 Be7 7. h3 O-O 8.
Bd3 Nc6 9. a3 d5 10. O-O h6 11. Bf4 Bd6 12. Qd2 Bxf4 13. Qxf4 Be6 14. Rfe1 Ne8
15. Bb5 Qf6 16. Qxf6 gxf6 17. Bd3 Nd6 18. Ne2 Nf5 19. c3 Rad8 20. Nf4 Ng7 21.
Nh4 Rd6 22. Re2 Rfd8 23. Rae1 Bd7 24. g3 Kf8 25. Kg2 1/2-1/2

[Event "West Wales Open"]
[Site "Swansea"]
[Date "2016.11.27"]
[Round "5.2"]
[White "Simon, Marek"]
[Black "Guy, David"]
[Result "1/2-1/2"]
[WhiteElo "1846"]
[BlackElo "1832"]
[PlyCount "104"]
[EventDate "2016.11.25"]
[EventCountry "WLS"]
[SourceDate "2016.12.01"]

1. d4 d5 2. c4 e6 3. Nc3 Nf6 4. Nf3 Be7 5. Bf4 a6 6. cxd5 exd5 7. e3 Nbd7 8. h3
c6 9. Bd3 O-O 10. Qc2 Re8 11. O-O b5 12. Ne5 Bb7 13. a3 g6 14. Ne2 c5 15. Nxd7
Nxd7 16. dxc5 Nxc5 17. b4 Ne6 18. Be5 Bf6 19. Qb2 Bxe5 20. Qxe5 Nc5 21. Qc3 Na4
22. Qd4 Nb6 23. Rfc1 Nc4 24. Rc2 Qg5 25. Qf4 Qe7 26. Nd4 Rac8 27. Rc3 Ne5 28.
Rxc8 Rxc8 29. Be2 Rc3 30. a4 bxa4 31. Rxa4 Nc4 32. b5 Nb6 33. bxa6 Nxa4 34.
Qb8+ Rc8 35. Qa7 Nc5 36. Nc6 Rxc6 37. axb7 Qxb7 38. Qa1 Nb3 39. Qe5 Rc1+ 40.
Bf1 Nd2 41. Qe8+ Kg7 42. h4 Rxf1+ 43. Kh2 Qc7+ 44. f4 d4 45. h5 dxe3 46. h6+
Kxh6 47. Kh3 Qxf4 48. Qf8+ Kh5 49. Qc5+ Qf5+ 50. g4+ Kh6 51. gxf5 Rf3+ 52. Kh4
gxf5 1/2-1/2

[Event "West Wales Open"]
[Site "Swansea"]
[Date "2016.11.27"]
[Round "5.3"]
[White "Thomas, Roy"]
[Black "Young, Alan"]
[Result "1/2-1/2"]
[WhiteElo "1718"]
[BlackElo "2029"]
[PlyCount "67"]
[EventDate "2016.11.25"]
[EventCountry "WLS"]
[SourceDate "2016.12.01"]

1. f4 d5 2. e3 Nf6 3. Nf3 g6 4. Be2 Bg7 5. O-O c5 6. d3 O-O 7. Nc3 Nc6 8. e4 d4
9. Na4 b6 10. b3 Bd7 11. Nb2 b5 12. Rb1 Qc7 13. Bd2 Rad8 14. Qe1 Qb8 15. Qh4
Bg4 16. h3 Bxf3 17. Bxf3 e5 18. f5 gxf5 19. exf5 Ne7 20. g4 Qd6 21. Bg5 Kh8 22.
Nd1 Rd7 23. Nf2 Qb6 24. Rbe1 Nfd5 25. Ne4 f6 26. Bd2 Ne3 27. Rf2 Rc7 28. Bd1 c4
29. Bb4 Rd7 30. Qh5 Rg8 31. Qf7 Rf8 32. Qh5 a5 33. Bxe7 Rxe7 34. Qh4 1/2-1/2

[Event "West Wales Open"]
[Site "Swansea"]
[Date "2016.11.27"]
[Round "5.4"]
[White "Turner, Joseph David"]
[Black "Jones, Ian Robert"]
[Result "0-1"]
[WhiteElo "1942"]
[BlackElo "1973"]
[PlyCount "46"]
[EventDate "2016.11.25"]
[EventCountry "WLS"]
[SourceDate "2016.12.01"]

1. e4 e5 2. f4 d5 3. exd5 exf4 4. Bc4 Nf6 5. Nf3 Nxd5 6. O-O Be6 7. Bxd5 Qxd5
8. Nc3 Qa5 9. d4 Nc6 10. Bxf4 O-O-O 11. a3 Nxd4 12. Nxd4 Rxd4 13. Qf3 Bd6 14.
Ne2 Rd5 15. b4 Qa6 16. Qg3 Qxe2 17. Bxd6 Rxd6 18. Qxg7 Rhd8 19. Qxh7 Rd2 20.
Qg7 Bd5 21. Rf6 Qxg2+ 22. Qxg2 Rxg2+ 23. Kf1 Rxh2 0-1

[Event "West Wales Open"]
[Site "Swansea"]
[Date "2016.11.27"]
[Round "5.5"]
[White "Buttell, David"]
[Black "Bevan, Peter M"]
[Result "0-1"]
[WhiteElo "1768"]
[BlackElo "1940"]
[PlyCount "64"]
[EventDate "2016.11.25"]
[EventCountry "WLS"]
[SourceDate "2016.12.01"]

1. d4 Nf6 2. c4 g6 3. Nc3 Bg7 4. e4 d6 5. f3 O-O 6. Be3 c5 7. d5 a6 8. a4 e6 9.
Bd3 exd5 10. cxd5 Nbd7 11. Bf4 Qc7 12. Nge2 Nh5 13. Be3 Ne5 14. O-O Nxd3 15.
Qxd3 f5 16. Qd2 fxe4 17. Nxe4 Nf6 18. N2c3 Nxe4 19. Nxe4 Bf5 20. Ng3 Rae8 21.
Nxf5 Rxf5 22. g4 Rfe5 23. Rae1 Qf7 24. Bf2 Qxf3 25. Rxe5 Qxg4+ 26. Bg3 Bxe5 27.
Qg2 Bxg3 28. Qxg3 Qxg3+ 29. hxg3 Re5 30. Rd1 Re2 31. b4 cxb4 32. Rb1 a5 0-1

[Event "West Wales Open"]
[Site "Swansea"]
[Date "2016.12.10"]
[Round "5.6"]
[White "Lutchman Singh, Aishwarya"]
[Black "Jukes, Sam"]
[Result "0-1"]
[WhiteElo "1368"]
[BlackElo "1725"]
[PlyCount "70"]
[EventDate "2016.11.25"]
[EventCountry "WLS"]
[SourceDate "2016.12.01"]

1. d4 Nf6 2. Nf3 d5 3. Bf4 Bf5 4. e3 e6 5. Nbd2 Bd6 6. Ne5 Bxe5 7. Bxe5 Nbd7 8.
Nf3 Nxe5 9. Nxe5 O-O 10. g4 Bg6 11. h4 Qd6 12. c3 Be4 13. f3 Nxg4 14. fxe4 Nxe5
15. dxe5 Qxe5 16. Qg4 Qxe4 17. Qxe4 dxe4 18. O-O-O Rad8 19. Bc4 Rd6 20. Rxd6
cxd6 21. Rd1 d5 22. Bb3 b5 23. a4 a6 24. axb5 axb5 25. Bxd5 exd5 26. Rxd5 Rb8
27. Re5 f6 28. Rxe4 Kf7 29. Rb4 Ke6 30. c4 Rc8 31. Rxb5 Rxc4+ 32. Kd2 Rxh4 33.
b4 Rg4 34. Rb7 h5 35. b5 Kd6 0-1

[Event "West Wales Open"]
[Site "Swansea"]
[Date "2016.11.27"]
[Round "5.7"]
[White "Lutchman Singh, Karanvir"]
[Black "Probert, Malcolm"]
[Result "0-1"]
[WhiteElo "1655"]
[BlackElo "1617"]
[PlyCount "58"]
[EventDate "2016.11.25"]
[EventCountry "WLS"]
[SourceDate "2016.12.01"]

1. e4 c5 2. c3 g6 3. d4 Bg7 4. Nf3 Nc6 5. Be3 cxd4 6. cxd4 d5 7. e5 Nh6 8. Qd2
Nf5 9. Bg5 h6 10. Bf4 Qb6 11. Be3 Nxe3 12. fxe3 Bf5 13. Nc3 O-O 14. Nxd5 Qd8
15. Nc3 g5 16. Be2 Bg6 17. O-O e6 18. Nb5 a6 19. Nd6 Qd7 20. Bd3 Bxd3 21. Qxd3
Ne7 22. Rac1 Nc8 23. Ne4 Nb6 24. Nexg5 hxg5 25. Nxg5 f5 26. exf6 Bxf6 27. Qg6+
Qg7 28. Rxf6 Rxf6 29. Qxg7+ Kxg7 0-1

[Event "West Wales Open"]
[Site "Swansea"]
[Date "2016.11.27"]
[Round "5.8"]
[White "Bonutto, Stephen"]
[Black "Williams, David J"]
[Result "1-0"]
[WhiteElo "1447"]
[BlackElo "1560"]
[PlyCount "61"]
[EventDate "2016.11.25"]
[EventCountry "WLS"]
[SourceDate "2016.12.01"]

1. e4 e6 2. d4 d5 3. Nd2 a6 4. Bd3 c5 5. c3 Nc6 6. Ne2 Nf6 7. e5 Nd7 8. Nf3 Be7
9. O-O g5 10. Be3 g4 11. Nd2 Bg5 12. Bxg5 Qxg5 13. f4 Qg7 14. dxc5 Nxc5 15. Bc2
O-O 16. Ng3 Nxe5 17. fxe5 Qxe5 18. Qxg4+ Kh8 19. Qd4 Qxd4+ 20. cxd4 Nd7 21.
Rae1 b5 22. b4 Nb6 23. Nh5 Nd7 24. Re3 Bb7 25. Nb3 Rac8 26. Nc5 Nxc5 27. bxc5
a5 28. Nf6 Rc7 29. Rg3 e5 30. Rf5 Rc6 31. Rh5 1-0